000 00394nam a2200145Ia 4500
008 220217s9999||||xx |||||||||||||| ||und||
020 _a81-224-0814-1
082 _a540 VER
100 _aVermani, o.P and Narula, A.K
_96896
245 0 _aApplied chemistry
250 _a2nd
260 _aNew age international private, Ltd.
_bNew Delhi
_c2008
300 _b185
650 _aMATHEMATICS
999 _c180065
_d180065